| 000 | 00610nam a2200205Ia 4500 | ||
|---|---|---|---|
| 003 | OSt | ||
| 005 | 20220927105028.0 | ||
| 006 | a|||||r|||| 00| 0 | ||
| 007 | ta | ||
| 008 | 220926b |||||||| |||| 00| 0 eng d | ||
| 024 | _a186835 | ||
| 037 | _cReference Collections | ||
| 040 |
_aRTL _cRTL _beng |
||
| 041 |
_2eng _aeng |
||
| 082 | _a"X:77.N66r, K6" | ||
| 245 | 0 |
_aLiverpool 66 _b A international magazine about liverpool-its industry- ita people. |
|
| 260 |
_aLiverpool _bPublic Relation Department _c1966 |
||
| 942 |
_h"X:77.N66r, K6" _cCC |
||
| 999 |
_c690333 _d690333 |
||